Catalog

Record Details

Catalog Search



Klášter na Slovanech  Cover Image Book Book

Klášter na Slovanech / Karel Stejskal ; Fot.: Prokop Paul

Summary:

Stručné populárně vědecké dějiny kláštera Na Slovanech, který představuje jednu z nejvýznamnějších památek středověké kultury v Čechách, jsou zpracovány především z uměleckohistorického hlediska, i když nepomíjí ani širší působení kláštera. Hlavní zájem věnuje autor vlastní stavbě kláštera, jeho stavitelům, sochařské a malířské výzdobě. Zmiňuje se také o deskových obrazech, které sloužily výzdobě klášterních svatyní, o iluminátorech rukopisů a o pozdějších přestavbách kláštera.

Record details

  • Physical Description: 104, [3] s. ; 8°
  • Edition: 1. vyd.
  • Publisher: Praha : Odeon, 1974

Content descriptions

General Note:
Přehl. lit.
Některé fot. barev.
Obálka: Milan Hegar
3000 výt.

Available copies

  • 1 of 1 copy available at Common Catalog SPOK.

Holds

  • 0 current holds with 1 total copy.
Show Only Available Copies
Location Call Number / Copy Notes Barcode Shelving Location Status Due Date
KDS Library 7 StK 204576802077 Library Available -

LDR 01477nam a22003011 4500
00121622
003CZ-PrJAB
00520150715105029.0
008970318s1974 xr cze
015 . ‡acnb000465985
035 . ‡a(CZ PrNK)bk197500165
035 . ‡a(OCoLC)27093013
040 . ‡aABA001 ‡bcze ‡cLIA001 ‡dABA001
080 . ‡a726.71(437.10 Na Slovanech)(083.85) ‡2undef
1001 . ‡aStejskal, Karel, ‡d1931-2014 ‡7jk01121116 ‡4aut
24510. ‡aKlášter na Slovanech / ‡cKarel Stejskal ; Fot.: Prokop Paul
250 . ‡a1. vyd.
260 . ‡aPraha : ‡bOdeon, ‡c1974 ‡f(Rudé právo)
300 . ‡a104, [3] s. ; ‡c
4901 . ‡aUmělecké poklady ; ‡vSv. 14
500 . ‡aPřehl. lit.
500 . ‡aNěkteré fot. barev.
500 . ‡aObálka: Milan Hegar
500 . ‡a3000 výt.
520 . ‡aStručné populárně vědecké dějiny kláštera Na Slovanech, který představuje jednu z nejvýznamnějších památek středověké kultury v Čechách, jsou zpracovány především z uměleckohistorického hlediska, i když nepomíjí ani širší působení kláštera. Hlavní zájem věnuje autor vlastní stavbě kláštera, jeho stavitelům, sochařské a malířské výzdobě. Zmiňuje se také o deskových obrazech, které sloužily výzdobě klášterních svatyní, o iluminátorech rukopisů a o pozdějších přestavbách kláštera.
830 0. ‡aUmělecké poklady
910 . ‡aABE463
964 . ‡aPraha - klášter Na Slovanech - vývoj stavební - monografie
998 . ‡a000465985
901 . ‡a21622 ‡b ‡c21622 ‡tbiblio

Additional Resources